Dinosaurs / (Record no. 3920)

MARC details
000 -LEADER
fixed length control field 00838cam a22002537i 4500
005 - DATE AND TIME OF LATEST TRANSACTION
control field 20260318135354.0
020 ## - INTERNATIONAL STANDARD BOOK NUMBER
International Standard Book Number 9780312496081 (hardcover)
040 ## - CATALOGING SOURCE
Original cataloging agency DLC
Language of cataloging eng
Description conventions rda
Transcribing agency DLC
Modifying agency DLC
082 ## - DEWEY DECIMAL CLASSIFICATION NUMBER
Classification number 567
100 1# - MAIN ENTRY--PERSONAL NAME
Personal name Priddy, Roger
Relator term author
245 10 - TITLE STATEMENT
Title Dinosaurs /
Statement of responsibility, etc. Roger Priddy
260 ## - PUBLICATION, DISTRIBUTION, ETC.
Place of publication, distribution, etc. New York :
Name of publisher, distributor, etc. Martin Press ;
Date of publication, distribution, etc. 2005
300 ## - PHYSICAL DESCRIPTION
Extent 10 numbered page :
Other physical details color illustrations ;
Dimensions 9 cm.
490 0# - SERIES STATEMENT
Series statement Bright baby
490 0# - SERIES STATEMENT
Series statement Chuncky books for fingers
505 ## - FORMATTED CONTENTS NOTE
Formatted contents note B <br/>
520 ## - SUMMARY, ETC.
Summary, etc. This chunky little board book for the littlest hands features fun and bright images of kinds of dinosaurs and the names to read.
521 ## - TARGET AUDIENCE NOTE
Target audience note 80 <br/>
Source Lexile estimate <br/>
521 ## - TARGET AUDIENCE NOTE
Target audience note B <br/>
Source Raz-Plus <br/>
650 #0 - SUBJECT ADDED ENTRY--TOPICAL TERM
Topical term or geographic name entry element Miniature books
Form subdivision Specimens.
906 ## - LOCAL DATA ELEMENT F, LDF (RLIN)
a 0
b ibc
c orignew
d 4
e ncip
f 20
g y-gencatlg
942 ## - ADDED ENTRY ELEMENTS (KOHA)
Source of classification or shelving scheme Dewey Decimal Classification
Koha item type Books
Suppress in OPAC No
999 ## -
-- 3920
-- 3920
Holdings
Withdrawn status Lost status Source of classification or shelving scheme Damaged status Not for loan Collection Home library Current library Shelving location Date acquired Total Checkouts Full call number Barcode Date last seen Price effective from Koha item type
    Dewey Decimal Classification     Non-Fiction Footprints International School Library Network Toul Tom Poung Campus Footprints International School Library Network Toul Tom Poung Campus TTP Primary Green Bookshelves 05/23/2024   PRI 567 FISTK02885 05/23/2024 05/23/2024 Books